Soccer Players 90/90+ in Fifa 21 - Statistics

General Stats
  • This quiz has been taken 153 times
  • The average score is 9 of 12
Answer Stats
Rating Answer % Correct
92 Christiano Ronaldo
100%
93 Lionel Messi
100%
90 Kylian Mbappe
90%
91 Neymar Jr.
87%
91 Robert Lewandowski
85%
91 Kelvin De Bruyne
78%
90 Virgil van Dijk
73%
90 Mohamed Salah
66%
91 Jan Oblak
60%
90 Alisson
59%
90 Sadio Mane
57%
90 Marc-Andre ter Stegen
51%
No matching quizzes found
Score Distribution
Percent of People with Each Score
Percentile by Number Answered
Your Score History
You have not taken this quiz